000 00457nam a2200145 a 4500
008 120416s0000 ||||||||||||||||| || u
020 _a0333132424
050 _aPR 6068.H4 Ros
100 _aRose, Geoffrey
245 1 0 _aNobody on the road
260 _aLondon
_bMacmillan
_c1972
300 _a190p.
350 _a0.00
995 _D0.00
_FCBU-MAIN LIBRARY (Kitwe)
_H1
_I1.90
_M1
_UAVAILABLE
_ZFiction Collection
999 _c52302
_d52302